<?xml version="1.0" encoding="UTF-8"?><?xml-stylesheet type="text/xsl" href="static/style.xsl"?><OAI-PMH xmlns="http://www.openarchives.org/OAI/2.0/" xmlns:xsi="http://www.w3.org/2001/XMLSchema-instance" xsi:schemaLocation="http://www.openarchives.org/OAI/2.0/ http://www.openarchives.org/OAI/2.0/OAI-PMH.xsd"><responseDate>2026-04-14T02:23:25Z</responseDate><request verb="GetRecord" identifier="oai:www.recercat.cat:10459.1/46595" metadataPrefix="marc">https://recercat.cat/oai/request</request><GetRecord><record><header><identifier>oai:recercat.cat:10459.1/46595</identifier><datestamp>2024-12-05T23:06:36Z</datestamp><setSpec>com_2072_3622</setSpec><setSpec>col_2072_478537</setSpec></header><metadata><record xmlns="http://www.loc.gov/MARC21/slim" xmlns:dcterms="http://purl.org/dc/terms/" xmlns:xsi="http://www.w3.org/2001/XMLSchema-instance" xmlns:doc="http://www.lyncode.com/xoai" xsi:schemaLocation="http://www.loc.gov/MARC21/slim http://www.loc.gov/standards/marcxml/schema/MARC21slim.xsd">
   <leader>00925njm 22002777a 4500</leader>
   <datafield ind2=" " ind1=" " tag="042">
      <subfield code="a">dc</subfield>
   </datafield>
   <datafield ind2=" " ind1=" " tag="720">
      <subfield code="a">Calderón Argelich, Alfonso</subfield>
      <subfield code="e">author</subfield>
   </datafield>
   <datafield ind2=" " ind1=" " tag="260">
      <subfield code="c">2013-05-13T07:31:31Z</subfield>
   </datafield>
   <datafield ind2=" " ind1=" " tag="260">
      <subfield code="c">2013-05-13T07:31:31Z</subfield>
   </datafield>
   <datafield ind2=" " ind1=" " tag="260">
      <subfield code="c">2013-05</subfield>
   </datafield>
   <datafield ind2=" " ind1=" " tag="520">
      <subfield code="a">Modesto Lafuente fue el autor de la Historia General de España , una obra que puede considerarse como paradigmática de las historias nacionales que surgieron en Europa a en el siglo XIX. Además de ser un hombre de letras muy reconocido y de contribuir a la profesionalización de la historiografía española, Lafuente fue diputado hasta su muerte en 1866. Su historiografía ligaba pasado y presente para construir una identidad nacional. Con ella buscaba dar una legitimidad al nuevo proyecto social que se iniciaba a partir del reinado de Isabel II. Los capítulos dedicados a la transición de los Austrias a los Borbones, en los que se abordan temas como el reinado de Carlos II, la guerra de Sucesión o las reformas de Felipe V, pueden interpretarse como una lectura romántica, teleológica y presentista. En definitiva, su narración del pasado histórico contribuyó a formar una memoria oficial, y por tanto debe considerarse una pieza clave para la identidad del nuevo Estado- nación español.</subfield>
   </datafield>
   <datafield ind2=" " ind1=" " tag="520">
      <subfield code="a">Modesto Lafuente was the author of the Historia General de España, a work that can be seen as paradigmatic of the national histories that emerged in Europe in the nineteenth century. Besides being a well-known man of letters and of contributing to the professionalization of Spanish historiography, Lafuente was deputy until his death in 1866. His historiography linked past and present to build a national identity. With it wanted to give legitimacy to the new social project that began from the reign of Isabel II. The chapters devoted to the transition from the Habsburgs to the Bourbons, which cover topics such as the reign of Charles II, the or the reforms of Philip V, can be interpreted as a romantic, teleological and presentist reading. In short, his account of the historical past helped to form an official memory, and therefore should be considered a milestone in the identity of the new nation state Spanish.</subfield>
   </datafield>
   <datafield ind1="8" ind2=" " tag="024">
      <subfield code="a">http://hdl.handle.net/10459.1/46595</subfield>
   </datafield>
   <datafield tag="653" ind2=" " ind1=" ">
      <subfield code="a">Historiografia</subfield>
   </datafield>
   <datafield tag="653" ind2=" " ind1=" ">
      <subfield code="a">España</subfield>
   </datafield>
   <datafield tag="653" ind2=" " ind1=" ">
      <subfield code="a">Modesto Lafuente</subfield>
   </datafield>
   <datafield tag="653" ind2=" " ind1=" ">
      <subfield code="a">Austrias</subfield>
   </datafield>
   <datafield tag="653" ind2=" " ind1=" ">
      <subfield code="a">Borbones</subfield>
   </datafield>
   <datafield tag="653" ind2=" " ind1=" ">
      <subfield code="a">Guerra de sucesión</subfield>
   </datafield>
   <datafield tag="653" ind2=" " ind1=" ">
      <subfield code="a">Història</subfield>
   </datafield>
   <datafield tag="653" ind2=" " ind1=" ">
      <subfield code="a">Nacionalisme</subfield>
   </datafield>
   <datafield ind2="0" ind1="0" tag="245">
      <subfield code="a">De los Austrias a los Borbones en la historia general de Modesto Lafuente</subfield>
   </datafield>
</record></metadata></record></GetRecord></OAI-PMH>